00906cam a2200277 45000010008000000030006000080050017000140080041000310100017000720200015000890400018001040500033001220820016001551000024001712450045001952600040002403000019002806000040002996000040003396300064003796500069004436500031005126500023005436550029005666550033005952670100GBCCL20241126110515.0740212s1973 tnu 000 1 eng  a 73080777  a0805487034 aDLCcDLCdDLC00aPZ4.S8147bBaoaPS3569.T338500a813.54bSTE1 aSteen, John Warren.10aBarnabas and Paul: brothers in conflict. aNashville,bBroadman Pressc[c1973] a128 p.c20 cm.00aPaul,cthe Apostle, SaintxFiction.00aBarnabas,cApostle, SaintxFiction.00aBible.pNew TestamentxHistory of Biblical eventsxFiction. 0aChurch historyyPrimitive and early church, ca. 30-600xFiction. 0aChristian saintsxFiction. 0aApostlesxFiction. 7aChristian fiction.2lcsh 7aBiographical fiction.2gsafd